000 00687nam a22002057a 4500
003 SEM
005 20260625110319.0
008 260625s1973 ai ||||gr||||||01|||arm|d
040 _aSEM
_cSEM
041 _aarm
080 _a891.981-1/Ս-15
100 _aՍահյան, Համո
245 _aԿանչե, կռունկ, ընտիր բանաստեղծություններ /
_cՀ. Սահյան ; Խմբ.՝ Վ. Բալայան
260 _aԵրևան :
_bՀայաստան հրատ.,
_c1973.
300 _a437 էջ ;
_bնկ. ;
_c21 սմ
650 _aՀայ գրականություն
_xպոեզիա
653 _aՍԷՄ
700 _aԲալայան, Վ.
_eխմբ.
_4edt.
942 _2udc
_cBK
_n0
999 _c77330
_d77330